| 000 | 00306 a2200133 4500 | ||
|---|---|---|---|
| 001 | 89907 | ||
| 082 | _a031.122 ROH | ||
| 090 |
_c42368 _d42368 |
||
| 100 | _aRohan | ||
| 245 |
_aTell Me When _hEnglish |
||
| 260 |
_aNew Delhi _bRohan Book Company _c2012 |
||
| 300 | _a115p. | ||
| 500 | _aChildren's Books | ||
| 942 |
_aCAE NUST _k031.122 ROH |
||
| 999 |
_c324980 _d324980 |
||